[Event "RLP-ch MTA 24th"]
[Site "Kaiserslautern"]
[Date "2005.??.??"]
[Round "7"]
[White "Flierl, Pascal"]
[Black "Brittner, Johann"]
[Result "1-0"]
[WhiteElo "2205"]
[BlackElo "2070"]
[PlyCount "93"]
[EventDate "2005.??.??"]
[EventType "tourn"]
[EventRounds "11"]
[EventCountry "GER"]
[SourceTitle "EXT 2009"]
[Source "ChessBase"]
[SourceDate "2008.11.26"]
[SourceVersion "1"]
[SourceVersionDate "2008.11.26"]
[SourceQuality "1"]

1. Nf3 d5 2. c4 e6 3. e3 c5 4. d4 Nc6 5. Nc3 dxc4 6. Bxc4 cxd4 7. exd4 Nf6 8. 0-0 Be7 9. Be3 0-0 10. Ne5 Na5 11. Be2 b6 12. Bf3 Bb7 13. Bxb7 Nxb7 14. Qf3 Na5 15. Rac1 Rc8 16. Nb5 a6 17. Na7 Rxc1 18. Rxc1 Qd5 19. Qxd5 Nxd5 20. Nc8 Bb4 21. Nd3 Bc3 22. Nxb6 Bxb2 23. Nxb2 Nxb6 24. Bd2 Nb7 25. Rc6 Nd5 26. Rxa6 Rc8 27. Nd3 Nd8 28. Kf1 f6 29. Nc5 Kf7 30. Ra7+ Kg6 31. Be3 Nc6 32. Rd7 Ncb4 33. Nxe6 Nxe3+ 34. fxe3 Kf5 35. Nxg7+ Ke4 36. Re7+ Kd3 37. Kf2 Nd5 38. Re6 Nc3 39. Kf3 Rb8 40. Nh5 Rb1 41. Nf4+ Kd2 42. Kg4 Rf1 43. g3 f5+ 44. Kxf5 Nd5 45. e4 Ne3+ 46. Kg5 Rf2 47. d5 1-0